|
|
|
|
| LEADER |
01088nab#a2200349#ar4500 |
| 001 |
000072840 |
| 003 |
SVKKK |
| 005 |
20030403xxxxxxx. |
| 008 |
06 c xo huno |
| FMT |
|
|
|
| 038 |
|
|
|a SVKKK
|
| 040 |
|
|
|a SVKKK
|b slo
|e AACR2
|
| 041 |
0 |
|
|a hun
|
| 044 |
|
|
|a xo
|c SK
|
| 080 |
|
|
|a 352:614.84
|
| 100 |
1 |
|
|a Katzer, František
|4 aut
|
| 242 |
1 |
0 |
|a Výzva ponuka
|
| 245 |
1 |
0 |
|a Ajánlati felhivás
|c František Katzer / Jozef Goócs
|
| 500 |
|
|
|a Ferenc
|
| 500 |
|
|
|a József
|
| 500 |
|
|
|a mikrofilm
|
| 520 |
2 |
|
|a Text v ktorom humenský richtár a notár vypisujú konkurz na výstavbu požiarnej zbrojnice v Humennom. Termín odovzdania prihlások 15. júl 1908.
|
| 650 |
0 |
4 |
|a konkurzy - správa mestská (vypísanie) - zbrojnica požiarna, Humenné - 15.07.1908 - texty
|
| 700 |
1 |
|
|a Goócs, Jozef
|4 aut
|
| 773 |
0 |
|
|t Felvidéki Hirlap : Közgazdasági, társadalmi és szépirodalmi hetilap
|g Roč. 1, č. 14 (14.06.1908) s. 4
|
| 957 |
|
|
|a Humenné
|
| 958 |
|
|
|a DG
|
| 958 |
|
|
|a SK
|
| 974 |
|
|
|a Ba
|d 20030403
|
| 992 |
|
|
|a RBX
|
| BAS |
|
|
|
| 998 |
|
|
|a RETRO
|